Normal view MARC view
  • Bruce P. & Bruce A

Entry Personal Name

Number of records used in: 1

001 - CONTROL NUMBER

  • control field: 200714

003 - CONTROL NUMBER IDENTIFIER

  • control field: OSt

005 - DATE AND TIME OF LATEST TRANSACTION

  • control field: 20230714220210.0

008 - FIXED-LENGTH DATA ELEMENTS

  • fixed length control field: 230714|| aca||aabn | a|a d

040 ## - CATALOGING SOURCE

  • Original cataloging agency: OSt
  • Transcribing agency: OSt

100 ## - HEADING--PERSONAL NAME

  • Personal name: Bruce P. & Bruce A

670 ## - SOURCE DATA FOUND

  • Source citation: Work cat.: (OSt)222742: Bruce P. 200713, Practical Statistics For Data Scientists, 2017